| 000 | 00674nam a2200253Ia 4500 | ||
|---|---|---|---|
| 003 | OSt | ||
| 005 | 20220912145713.0 | ||
| 006 | a|||||r|||| 00| 0 | ||
| 007 | ta | ||
| 008 | 220909b |||||||| |||| 00| 0 eng d | ||
| 024 | _a73790 | ||
| 037 | _b1866, 21/07/2010, Educational Book Agency (India) | ||
| 037 | _cTextual | ||
| 040 |
_aCSL _beng _cCSL |
||
| 041 | _aeng | ||
| 082 | _aA, G2 | ||
| 100 | _aKirkpatrick E A | ||
| 245 | 0 | _aSciences of man in the making | |
| 260 | _c1932 | ||
| 300 |
_ap. _ccm. |
||
| 650 | _aScience | ||
| 942 |
_hA, G2 _cTEXL _2CC |
||
| 999 |
_c36673 _d36673 |
||